| 000 | 00601nam a22002055i 4500 | ||
|---|---|---|---|
| 001 | 11036 | ||
| 003 | ES-MaACL | ||
| 005 | 20230906150021.0 | ||
| 007 | t| | ||
| 008 | 930715s1993 sp ||||0| spa j | ||
| 020 | _a84-87553-51-6 | ||
| 040 |
_aM-BN _bspa _cM-BN |
||
| 080 | _a364.444(460) | ||
| 100 | 1 |
_aGarcía Hernández, José María. _954760 |
|
| 245 | 1 | 3 |
_aLa encrucijada sanitaria / _cJosé María García Hernández. |
| 260 |
_aMadrid : _bCeleste, _cD.L. 1993. |
||
| 300 |
_a175 p ; _c20 cm. |
||
| 650 | 1 | 4 |
_aAsistencia sanitaria- _zEspaña. _910373 |
| 852 |
_aES-MaACL _jL-18308 _bR.121843 |
||
| 999 |
_c11036 _d11036 |
||